000 04591cam a2200385 i 4500
001 21895017
005 20251014183142.0
008 210126e202009 cl b 000 0 spa
010 _a 2021358620
020 _a9789564001494
035 _a21895017
035 _a(PE-LiEIC)it201600008437
040 _aDLC
_beng
_cDLC
_erda
042 _apcc
043 _as-cl---
050 0 0 _aKHF1789
_b.D476 2020
082 _a349.283 D431t 2020
245 0 0 _aDerecho del trabajo y los efectos laborales de la crisis y emergencia sanitaria en Chile /
_cÁlvaro Domínguez Montoya, Diego Rosas Bertín, coordinadores.
250 _a1a. edición.
300 _avi, 408 pag ;
_c25 cm.
490 0 _aMonografías
504 _aIncludes bibliographical references.
505 0 _aDerecho del trabajo y pandemia: el impacto de la crisis y mirada de futuro en Chile / Rodrigo Palomo Vélez -- Lo primero, la relación laboral / Francisco Tapia Guerrero, Carmen Elena Domínguez -- Algunas aplicaciones del principio de buena fe en la normativa laboral sobre el COVID-19 / Alfredo Sierra Herrero, Roberto Cerón Reyes -- Análisis críticos de los aspectos previsionales contemplados en la Ley no. 21.227 / Gabriela Lanata Fuenzalida -- La suspensión convencional del contrato de trabajo en Chile / Raúl Fernández Toledo -- La suspensión del contrato de trabajo ante el acto de autoridad y el devenir del pago de las remuneraciones / Álvaro Domínguez Montoya -- La prevención de riesgos laborales durante la pandemia por la COVID-19 / Cayetano Núñez González -- Elementos para la caracterización del riesgo grave e inminente en el ordenamiento laboral chileno / Diego Rosas Bertin -- La culpa en la responsabilidad civil del empleador por contravención de la obligación de seguridad en contexto de la pandemia / Ricardo Concha Machuca -- El teletrabajo y su implementación con ocasión de la crisis sanitaria: reglas permanentes para un escenario de contingencia / Christian Melis Valencia -- El trabajo a distancia y el teletrabajo, una modalidad o contratación especial: análisis de la Ley no. 21.220 de 26 de marzo de 2020 / Patricio Mella Cabrera -- El derecho de desconexión en el teletrabajo y salud laboral en tiempos de pandemia / Yenny Pinto Sarmiento -- Pandemia COVID-19, la debacle económica, liquidación y reorganización de las empresas ante la crisis y sus efectos en el empleo / Francoise Etcheberry Parés -- Problemáticas de los cambios de titularidad por sucesión de empresas en el derecho del trabajo chileno / María Soledad Jofré Bustos -- Finiquito electrónico, Dirección del Trabajo y la banalidad de las formas jurídicas / Álvaro Domínguez Montoya, Rodolfo Walter Díaz -- El rol de los sindicatos en tiempos de crisis / Karla Varas Marchant -- A propósito de la suspensión de plazos en las relaciones colectivas de trabajo: una vez más, el control (o el intento de control) de la negociación colectiva y la rectificación a la propuesta de elecciones de las organizaciones de trabajadores / Irene Rojas Miño -- Naturaleza jurídica de los dictámenes de la Dirección del Trabajo: una mirada administrativista (a propósito del Dictamen no. 1.283/006 de 2020 de la Dirección del Trabajo en el contexto de COVID-19) / Fabián Huepe Artigas -- Delito de obtención fraudulenta de beneficios de la Ley no. 21.227 / Claudio Palavecino Cáceres -- El efecto en la justicia laboral del COVID-19 / Rodolfo Caballero Muñoz.
520 _aEl presente libro es una obra colectiva que agrupa trabajos de investigación y ensayos académicos, enfocado en los efectos jurídicos de la pandemia en las relaciones de trabajo, observando, debatiendo y problematizando los cambios y vicisitudes que ha generado la enfermedad del COVID-19 en el mundo del trabajo y su regulación en nuestro país. Esta obra recopila 22 trabajos de académicos y académicas de distintas casas de estudios, a fin de exponer visiones y problemáticas sobre el Derecho del Trabajo y los efectos laborales de la crisis y emergencia sanitaria en Chile.
650 0 _aDerecho del trabajo
_zChile.
_97032
650 0 _aCOVID-19
_xLegislación
_zChile.
_934210
650 0 _aCoronavirus
_927202
650 0 _aTeletrabajo
_914316
650 0 _aContratos de trabjo
_934211
700 1 _aDomínguez Montoya, Álvaro Eduardo,
_eeditor.
_934212
700 1 _aRosas Bertín, Diego Ignacio,
_eeditor.
_934213
906 _a7
_bcbc
_corigres
_d2
_encip
_f20
_gy-gencatlg
942 _2ddc
_cLIBRO
999 _c19272
_d19272